Statistics for Wordle Words S--K-

Click here to take the quiz!

General Stats

  • This quiz has been taken 50 times
    (36 since last reset)
  • The average score is 6 of 14

Answer Stats

S--K-% Correct
snake
79%
spoke
76%
stake
70%
shake
67%
spike
52%
slake
48%
stoke
45%
smoke
42%
silky
27%
smoky
27%
sulky
27%
shaky
21%
spiky
12%
snaky
9%

Score Distribution

Percentile by Number Answered

Percent of People with Each Score

Your Score History

You have not taken this quiz since the last reset